Kathleen Kennedy Movies - Statistics

General Stats
  • This quiz has been taken 4 times
  • The average score is 34 of 91
Answer Stats
Hint Answer % Correct
1982 E.T. the Extra Terrestrial
100%
1993 Jurassic Park
100%
2015 Jurassic World
100%
1984 Gremlins
75%
1989 Indiana Jones and the Last Crusade
75%
1984 Indiana Jones and the Temple of Doom
75%
1993 Schindler's List
75%
1985 The Goonies
75%
1979 1941
50%
1985 Back to the Future
50%
1989 Back to the Future Part II
50%
1990 Back to the Future Part III
50%
1990 Gremlins 2: The New Batch
50%
1991 Hook
50%
2022 Indiana Jones 5
50%
2008 Indiana Jones and the Kingdom of the Crystal Skull
50%
1981 Indiana Jones and the Raiders of the Lost Ark
50%
2001 Jurassic Park III
50%
2005 Munich
50%
2008 Ponyo
50%
2016 Rogue One: A Star Wars Story
50%
2018 Solo: A Star Wars Story
50%
2023 Star Wars: Rogue Squadron
50%
2015 Star Wars: The Force Awakens
50%
2017 Star Wars: The Last Jedi
50%
2019 Star Wars: The Rise of Skywalker
50%
2016 The BFG
50%
1985 The Color Purple
50%
1997 The Lost World: Jurassic Park
50%
2025 Untitled Taika Waititi Star Wars Film
50%
2011 War Horse
50%
2005 War of the Worlds
50%
1993 A Dangerous Woman
25%
1993 A Far Off Place
25%
2001 A.I. Artificial Intelligence
25%
1993 Alive
25%
1989 Always
25%
1999 A Map of the World
25%
1986 An American Tail
25%
1991 An American Tail: Fievel Goes West
25%
1990 Arachnophobia
25%
1991 A Wish For Wings That Work
25%
1995 Balto
25%
1987 *batteries not included
25%
1991 Cape Fear
25%
TBD Children of Blood and Bone
25%
1995 Congo
25%
1991 Curly Sue
25%
1989 Dad
25%
TBD Emma's War
25%
1987 Empire of the Sun
25%
1985 Fandango
25%
2011 From Up on Poppy Hill
25%
2010 Hereafter
25%
1987 Innerspace
25%
1990 Joe Versus the Volcano
25%
2012 Lincoln
25%
1989 Little Nemo: Adventures in Slumberland
25%
1994 Milk Money
25%
2007 Movies Rock
25%
1992 Noises Off...
25%
2010 On Tour
25%
2007 Persepolis
25%
2003 Seabiscuit
25%
2002 Signs
25%
1999 Snow Falling on Cedars
25%
2011 The Adventures of Tintin
25%
TBD The Adventures of Tintin: Red Rackham's Treasure
25%
1995 The Bridges of Madison County
25%
2005 The Chumscrubber
25%
2008 The Curious Case of Benjamin Button
25%
2007 The Diving Bell and the Butterfly
25%
2013 The Face of Love
25%
1994 The Flintstones
25%
2016 The Girl on the Train
25%
1995 The Indian in the Cupboard
25%
1988 The Land Before Time
25%
2010 The Last Airbender
25%
1986 The Money Pit
25%
2010 The Secret World of Arrietty
25%
1999 The Sixth Sense
25%
2010 The Special Relationship
25%
2001 The Sports Pages
25%
2003 The Young Black Stallion
25%
1983 Twilight Zone: The Movie
25%
1996 Twister
25%
TBD Untitled Star Wars/ Exegol Project
25%
TBD Untitled Star Wars Trilogy Episode I
25%
1993 We're Back! A Dinosaur's Story
25%
1988 Who Framed Roger Rabbit
25%
1985 Young Sherlock Holmes
25%
No matching quizzes found
Score Distribution
Percent of People with Each Score
Percentile by Number Answered
Your Score History
You have not taken this quiz